Normal view
MARC view
- MS-ESE Thesis
Entry Topical Term
001 - CONTROL NUMBER
- control field: 116599
003 - CONTROL NUMBER IDENTIFIER
- control field: NUST
005 - DATE AND TIME OF LATEST TRANSACTION
- control field: 20230912170012.0
008 - FIXED-LENGTH DATA ELEMENTS
- fixed length control field: 230912|| aca||aabn | a|a d
040 ## - CATALOGING SOURCE
- Original cataloging agency: NUST
- Transcribing agency: NUST
150 ## - HEADING--TOPICAL TERM
- Topical term or geographic name entry element: MS-ESE Thesis
670 ## - SOURCE DATA FOUND
- Source citation: Work cat.: (NUST): Usman Ashraf (00000206572) 116598, Development of Nanocomposite LSCF Perovskite-Based Cathode Material for Intermediate Temperature Solid Oxide Fuel Cells /, 2021
